000 00299nam a22001337a 4500
008 171027b xxu||||| |||| 00| 0 eng d
020 _a0256028796
041 _aeng
080 _a338
100 _a56
101 _aMEN
245 _aPRINCIPLES OF FINANCIAL MANAGEMENT
_cKOLB,B.A
942 _2udc
_cBK
999 _c35983
_d35983